| 000 | 00558nam a2200181 a 4500 | ||
|---|---|---|---|
| 001 | 000044088 | ||
| 005 | 20201002045135.0 | ||
| 008 | 140515s1969 sp 000 p spa d | ||
| 040 |
_aDO-SdBNP _bspa _cBNPHU |
||
| 082 |
_axxxx _bxxxx |
||
| 100 | 1 |
_aPemán, José María, _d1897-1981. _98191 |
|
| 245 | 1 | 3 |
_aEl divino impaciente : _bseguido de Cuando las Cortes de Cádiz / _cJosé María Pemán. |
| 260 |
_aMadrid : _bEscelicer, _c1969. |
||
| 300 |
_a274 p. ; _c19 cm. |
||
| 490 | 1 |
_a21 _v29 |
|
| 500 | _aCuando las cortes de cádiz | ||
| 830 | 0 |
_a21 ; _n29 _972084 |
|
| 999 |
_c43577 _d43577 |
||